| 000 | 01049cam a2200265 a 4500 | ||
|---|---|---|---|
| 005 | 20141114132707.0 | ||
| 008 | 141021s2013 xxuad fr 001 0 eng | ||
| 020 | _a9780131474932 | ||
| 020 | _a0131474936 | ||
| 040 |
_aCO-BoUCM _bspa _cJose A. Gerena _dJose A. Gerena |
||
| 041 | 0 | _aeng | |
| 100 | 1 |
_aGonzález-Rivera, Gloria _965428 |
|
| 245 | 1 | 0 |
_aForecasting for economics and business _cGloria Gonzalez-Rivera |
| 260 |
_aBoston (Massachusetts, Estados Unidos) _bPearson _c2013 |
||
| 300 |
_axxii, 490 páginas _bilustraciones, cuadros, gráficas |
||
| 490 | 1 | _aThe Pearson series in economics | |
| 504 | _aIncluye referencias bibliográficas e índices y glosario | ||
| 650 | 7 |
_aPronóstico de la economía _922564 |
|
| 650 | 7 |
_aPronóstico de la economía _zEstados Unidos _965429 |
|
| 650 | 7 |
_aMétodos estadísticos _919458 _xAspectos económicos |
|
| 651 | 4 |
_aEstados Unidos _xCondiciones económcas _965430 |
|
| 690 |
_942795 _aEconomía |
||
| 942 |
_2DEWEY _a7 _cLIBRO _e1 _h338.594 _mG643 |
||
| 999 |
_c296961 _d296961 |
||